| 000 | 00568nam a22001937a 4500 | ||
|---|---|---|---|
| 999 |
_c18781 _d18781 |
||
| 003 | AR-CdUCM | ||
| 008 | 190515b ||||| |||| 00| 0 spa d | ||
| 040 |
_aMUNICIPALIDAD PROVINCIAL DEL CUSCO _cBIBLIOTECA MUNICIPAL DEL CUSCO |
||
| 082 |
_a869.33 / _bE23 |
||
| 100 |
_aEdwards Bello, Joaquín _939580 |
||
| 245 | _aValparaíso la ciudad del viento / | ||
| 260 |
_aSantiago : _bNascimiento, _c1931. |
||
| 300 |
_a226 páginas ; _c20 cm. |
||
| 505 | _aContenido : Novela. | ||
| 650 |
_aNovela _95 |
||
| 650 |
_aLiteratura _983 |
||
| 942 |
_2ddc _cLIBROS |
||
| 945 | _arcc | ||